Trails to Treasure (Record no. 967)

MARC details
000 -LEADER
fixed length control field 00286nam a2200109 4500
008 - FIXED-LENGTH DATA ELEMENTS--GENERAL INFORMATION
fixed length control field 160625b xxu||||| |||| 00| 0 eng d
100 ## - MAIN ENTRY--PERSONAL NAME
9 (RLIN) 1187
Personal name Russell, D.H., et al
245 ## - TITLE STATEMENT
Title Trails to Treasure
260 ## - PUBLICATION, DISTRIBUTION, ETC. (IMPRINT)
Place of publication, distribution, etc. Boston
Name of publisher, distributor, etc. Ginn & Com
Date of publication, distribution, etc. 1966
300 ## - PHYSICAL DESCRIPTION
Extent Trails to Treasure
942 ## - ADDED ENTRY ELEMENTS (KOHA)
Source of classification or shelving scheme Dewey Decimal Classification
Koha item type BOOK
Holdings
Withdrawn status Lost status Source of classification or shelving scheme Damaged status Not for loan Home library Current library Shelving location Date acquired Total Checkouts Full call number Barcode Date last seen Price effective from Koha item type
    Dewey Decimal Classification     Good Samaritan School Library Good Samaritan School Library FICTION 06/25/2016   823 RUS1492 06/25/2016 06/25/2016 BOOK

Powered by Koha